Návrh efektívneho rozmiestnenia pracovísk vo výrobnom procese podniku PSA Peugeot Citroën Slovakia, s.r.o.

Enregistré dans:
Détails bibliographiques
Auteur principal: Ďuriš, Jakub (Auteur)
Autres auteurs: Hudák, Ján (Directeur de thèse)
Format: Manuscrit Livre
Langue:slovaque
Publié: 2015
Sujets:
Accès en ligne:http://is.stuba.sk/zp/portal_zp.pl?podrobnosti=96427
Tags: Ajouter un tag
Pas de tags, Soyez le premier à ajouter un tag!

MARC

LEADER 00000ntm a22000003a 4500
001 stuzp52716
003 SK-STU
005 20160719154246.4
007 ta
008 150427s2015----xo-----f-mn---000-0-slo-d
040 |a STU  |b slo 
041 0 |a slo 
100 1 |a Ďuriš, Jakub  |u 064000  |4 aut  |U MTF Materiálovotechnologická fakulta  |T MTF Ústav priemyselného inžinierstva a manažmentu  |X 47005  |U M4000  |Y 84  |7 47005 
242 0 1 |a Proposal the effective deployment workplaces in the production process company PSA Peugeot Citroën Slovakia, s.r.o.  |y eng 
245 1 0 |a Návrh efektívneho rozmiestnenia pracovísk vo výrobnom procese podniku PSA Peugeot Citroën Slovakia, s.r.o. 
260 |c 2015 
650 4 |a rozmiestnenie pracovísk  |2 slo 
650 4 |a výrobný proces  |2 slo 
650 4 |a výroba  |2 slo 
650 4 |a deployment workplaces  |2 eng 
650 4 |a production process  |2 eng 
650 4 |a production  |2 eng 
700 1 |a Hudák, Ján  |4 ths  |X 48284  |7 A000048284 
856 4 |u http://is.stuba.sk/zp/portal_zp.pl?podrobnosti=96427 
996 |c M* BP-7234  |l MMSKP  |s P  |a 0  |w stuzp52716_0001 
SQL |a stuzp52716  |b DBP  |c SLO  |d Návrh efektívneho rozmiestnenia pracovísk vo výrobnom procese podniku PSA Peugeot Citroën Slovakia, s.r.o.  |e 47005  |f Ďuriš, Jakub  |g 064000  |h 48284  |i Hudák, Ján  |j 20150625  |k 175  |l 06  |m http://is.stuba.sk/zp/portal_zp.pl?podrobnosti=96427  |n B-PMA  |o 5.2.52. priemyselné inžinierstvo